¿ Es posible una teoría general de los partidos conservadores?. Is a general theory about conservative parties possible? /

Este artículo propone una hipótesis alternativa para la interpretación de la construcción de los partidos conservadores en América Latina, a aquella intentada por la teoría de los núcleos electorales. Con este fin en un primer apartado se discuten teórica y empíricamente las propuestas de Cornblit,...

全面介紹

Guardado en:
書目詳細資料
主要作者: Laguado Duca, Arturo
格式: Texto
主題:
標簽: 添加標簽
沒有標簽, 成為第一個標記此記錄!

MARC

LEADER 00000 a a2200000 04500
001 18367
003
040
100 |a Laguado Duca, Arturo  
245 |a ¿ Es posible una teoría general de los partidos conservadores?. Is a general theory about conservative parties possible? /  |c Arturo Laguado Duca 
520 |a Este artículo propone una hipótesis alternativa para la interpretación de la construcción de los partidos conservadores en América Latina, a aquella intentada por la teoría de los núcleos electorales. Con este fin en un primer apartado se discuten teórica y empíricamente las propuestas de Cornblit, Gibson, y Middelbrook. En una segunda parte se presentan las ideas hegemónicas en Colombia y Argentina-tomados como dos casos típicos- durante la construcción del estado nacional: conservadoras en un caso, liberales en el otro. Se argumenta que solo el estudio riguroso de las formas de construcción de hegemonía en cada caso particular permite entender el devenir de los partidos conservadores en la primera mitad del siglo XX, en contraposición a las generalizaciones sociológicas  
650 |a PARTIDOS POLITICOS  
650 |a CONSERVADURISMO  
650 |a NACION  
650 |a TEORIA  
650 |a SISTEMAS ELECTORALES  
650 |a ESTADO  
650 |a COLOMBIA  
650 |a ARGENTINA  
773 |g número 4; páginas 167-201  
999 |c 33037  |d 33037